Online
Catalog

Vietnam : (Record no. 22713)

MARC details
000 -CABECERA
campo de control de longitud fija 00845nam a2200217 a 4500
001 - NÚMERO DE CONTROL
campo de control 000023216
005 - FECHA Y HORA DE LA ÚLTIMA TRANSACCIÓN
campo de control 20200930022051.0
008 - DATOS DE LONGITUD FIJA--INFORMACIÓN GENERAL
campo de control de longitud fija 101130s1968 sp r 000 | spa d
040 ## - FUENTE DE LA CATALOGACIÓN
Centro catalogador/agencia de origen DO-SdBNP
Lengua de catalogación spa
Centro/agencia transcriptor BNPHU
082 ## - NÚMERO DE LA CLASIFICACIÓN DECIMAL DEWEY
Número de clasificación xxx
Número de documento/Ítem C524v
049 ## - FONDOS LOCALES (OCLC)
Fondos de biblioteca BNGR
100 1# - ENTRADA PRINCIPAL--NOMBRE DE PERSONA
Nombre de persona Chesneaux, Jean
9 (RLIN) 47796
245 10 - MENCIÓN DE TÍTULO
Título Vietnam :
Resto del título un pueblo en lucha : pasado, presente, futuro /
Mención de responsabilidad, etc. Jean Chesneaux; traducción de Roser Berdaguer.
260 ## - PUBLICACIÓN, DISTRIBUCIÓN, ETC.
Lugar de publicación, distribución, etc. Barcelona :
Nombre del editor, distribuidor, etc. Fontanella,
Fecha de publicación, distribución, etc. 1968.
490 ## - MENCIÓN DE SERIE
Mención de serie Informe ;
Designación de volumen o secuencia 18
500 ## - NOTA GENERAL
Nota general Incluye notas y referencia al pie de páginas
500 ## - NOTA GENERAL
Nota general Incluye lista de titulos de las colecciones Pensamiento, Informes, Aventura Humana, Sexualidad y educación, y Ciencias del Hombre
534 ## - NOTA SOBRE LA VERSIÓN ORIGINAL
Encabezamiento principal del original Título original :
Mención de título del original Perche il Vietanam resiste
700 1# - PUNTO DE ACCESO ADICIONAL--NOMBRE DE PERSONA
Nombre de persona Berdaguer, Roser
Término indicativo de función/relación tr.
9 (RLIN) 47797
834 ## -
-- Perche il Vietanam resiste
Holdings
Estado de retiro Estado de pérdida Restricciones de uso No para préstamo Código de colección Localización permanente Ubicación/localización actual Ubicación en estantería Fecha de adquisición Número de inventario Total de préstamos Signatura topográfica completa Código de barras Fecha visto por última vez Precio válido a partir de Tipo de ítem Koha
      Excluido de préstamo Monografías: Libros y Folletos General General En catalogación 30.11.2010 LF1   xxx C524v 23216-10 25.06.2020 25.06.2020 No se presta

Powered by Koha